| 000 | 00382pab a2200157 454500 | ||
|---|---|---|---|
| 008 | 180718b2000 xxu||||| |||| 00| 0 eng d | ||
| 100 | _aAmin, Samir | ||
| 245 | _aThe political economy of the twentieth century | ||
| 260 | _c2000 | ||
| 300 | _ap.1-17 | ||
| 362 | _aJun | ||
| 650 | _aEconomics - 20th century | ||
| 650 | _aEconomics | ||
| 773 | _aMonthly Review | ||
| 909 | _a45868 | ||
| 999 |
_c45868 _d45868 |
||